[Event "South America-ch 1st"]
[Site "Lima"]
[Date "2023.09.17"]
[Round "4"]
[White "Reynoso, Jorge"]
[Black "Ruiz Canchapoma, Jaime"]
[Result "0-1"]
[WhiteElo "1425"]
[BlackElo "1779"]
[PlyCount "59"]
[EventDate "2023.09.14"]
[EventType "swiss"]
[EventRounds "9"]
[EventCountry "PER"]
[SourceTitle "EXT 2024"]
[Source "ChessBase"]
[SourceDate "2023.10.10"]
[SourceVersion "1"]
[SourceVersionDate "2023.10.10"]
[SourceQuality "1"]

1. d4 d6 2. e4 Nf6 3. Nc3 g6 4. Nf3 Bg7 5. Be2 0-0 6. 0-0 Nc6 7. h3 Re8 8. Be3 e5 9. dxe5 Nxe5 10. Nxe5 Rxe5 11. Bf4 Re8 12. f3 Nh5 13. Bh2 Qg5 14. Qc1 Bd4+ 15. Kh1 Be3 16. Qe1 Be6 17. Bd3 Bf4 18. Ne2 Bxh2 19. Kxh2 Qe5+ 20. f4 Qxb2 21. Rb1 Qxa2 22. Qc3 Bd7 23. Bc4 Qa4 24. Nd4 c5 25. Nb5 Rxe4 26. Nxd6 Rxc4 27. Nxc4 Bb5 28. Nb2 Qb4 29. Qxb4 cxb4 30. Rf2 0-1

[Event "South America-ch 1st"]
[Site "Lima"]
[Date "2023.09.14"]
[Round "1"]
[White "Ruiz Canchapoma, Jaime"]
[Black "Tomiello, Lucas Costamilan"]
[Result "0-1"]
[WhiteElo "1779"]
[BlackElo "2253"]
[PlyCount "78"]
[EventDate "2023.09.14"]
[EventType "swiss"]
[EventRounds "9"]
[EventCountry "PER"]
[SourceTitle "EXT 2024"]
[Source "ChessBase"]
[SourceDate "2023.10.10"]
[SourceVersion "1"]
[SourceVersionDate "2023.10.10"]
[SourceQuality "1"]

1. e4 c5 2. Nf3 Nc6 3. d3 g6 4. g3 Bg7 5. Bg2 e5 6. Nc3 Nge7 7. Nd2 0-0 8. Nc4 b6 9. 0-0 Nd4 10. f4 d6 11. f5 f6 12. a4 gxf5 13. exf5 Rb8 14. g4 Bb7 15. Bxb7 Rxb7 16. Ne2 d5 17. Ne3 Kh8 18. Ng3 Rd7 19. c3 Ndc6 20. Qe2 d4 21. Nc4 dxc3 22. bxc3 Rxd3 23. Ne4 Ng8 24. g5 Qd7 25. g6 hxg6 26. fxg6 Rh3 27. Rd1 Qf5 28. Ncd6 Qxg6+ 29. Kh1 Qh5 30. Qc2 Nh6 31. Bxh6 Bxh6 32. Rg1 Bf4 33. Rg2 f5 34. Nf2 Rxh2+ 35. Kg1 e4 36. Ndxe4 fxe4 37. Qxe4 Rxg2+ 38. Kxg2 Qh2+ 39. Kf1 Bg3 0-1

[Event "Lima Morales Memorial op 2nd"]
[Site "Lima"]
[Date "2012.01.22"]
[Round "4"]
[White "Aliaga Fernandez, Ingrid Yadira"]
[Black "Ruiz Canchapoma, Jaime"]
[Result "1-0"]
[WhiteElo "2168"]
[BlackElo "1816"]
[PlyCount "49"]
[EventDate "2012.01.21"]
[EventType "swiss"]
[EventRounds "9"]
[EventCountry "PER"]
[SourceTitle "EXT 2014"]
[Source "ChessBase"]
[SourceDate "2013.11.20"]
[SourceVersion "1"]
[SourceVersionDate "2013.11.20"]
[SourceQuality "1"]

1. e4 e6 2. d4 d5 3. Nc3 Nf6 4. e5 Nfd7 5. f4 c5 6. Nf3 Nc6 7. Be3 a6 8. Qd2 b5 9. dxc5 Bxc5 10. Bxc5 Nxc5 11. Qf2 Qb6 12. Bd3 b4 13. Ne2 a5 14. 0-0 Ba6 15. Rfd1 Ne7 16. Ned4 Na4 17. Rab1 g6 18. Rd2 Bxd3 19. cxd3 Rc8 20. Kh1 h6 21. Qh4 g5 22. fxg5 Ng6 23. Qh5 hxg5 24. Qxg5 Qd8 25. Nxe6 1-0